000 nas a22 7a 4500
999 _c8501
_d8501
005 20251111124057.0
008 2025 b2025 ec ||||| |||| 00| 0 spa d
040 _aCIDAP
041 _aspa
082 _a306
084 _aAP-872
110 _aDiario El Mercurio
_9271
245 _aAzuay, Imbabura, Loja, Bolívar y Cotopaxi ganadores de la Medalla CIDAP 2025
260 _aCuenca,
_bDiario El Mercurio. Año 101. Edición 38.163
_c2025
300 _a8A
520 _aEntrega de medallas de reconocimiento a la artesanía ecuatoriana 2025 por parte del CIDAP.
650 _aMEDALLA CIDAP 2025
_913069
650 _aCIDAP-XXIII FESTIVAL DE ARTESANÍAS DE AMÉRICA
_913070
856 _uhttp://documentacion.cidap.gob.ec:8080/handle/cidap/2262
942 _2ddc
_cARP
_zNC